| 000 | 01372nam a2200325 4500 | ||
|---|---|---|---|
| 001 | 178874 | ||
| 003 | ES-MaACL | ||
| 005 | 20230909102749.0 | ||
| 008 | 110721s2009 sp acop |||| |dspa d | ||
| 020 | _a978-84-937444-0-3 | ||
| 080 | _a725.945(460.285 T.) | ||
| 080 | _a726.945(460.285 T.) | ||
| 080 | _a73(460.285 T.) | ||
| 100 | 1 |
_aFernández Delgado, Juan José. _949738 |
|
| 245 | 1 | 0 |
_aPlacas, dedicatorias y estatuas en las calles de Toledo _b: personajes históricos y literarios / _cJuan José Fernández Delgado. |
| 250 | _a1ª ed. | ||
| 260 |
_aArgés (Toledo) : _bCovarrubias, _c2009. |
||
| 300 |
_a310 p. : _bil. col., fot. ; _c21 cm. |
||
| 490 | 1 | _aToletum | |
| 504 | _aBibliografía: p. 297-301. | ||
| 505 | 8 | _aContiene: Arquitectos, rejeros y escultores. Escritores. Políticos. Reyes y reinas. Juristas. Militares. Personajes de clerecía. Pintores y músicos. Personajes legendarios | |
| 650 | 7 |
_aMonumentos conmemorativos- _zToledo. _9147419 |
|
| 650 | 7 |
_aPlacas conmemorativas- _zToledo. _9147420 |
|
| 650 | 7 |
_aEscultura- _zToledo. _9147421 |
|
| 830 | 0 |
_aToletum _9224363 |
|
| 852 |
_aES-MaACL _jA-11410 _9185739 _bR.145888 _dOlim: N-4414 _cDEPO1 _xDonación: Juan José Fernández Delgado _zDedicatoria autógrafa del autor |
||
| 903 |
_aFernández Delgado, Juan José _ednr _949738 |
||
| 942 |
_2udc _cMONOGRAFIA |
||
| 999 |
_c178874 _d178874 |
||